L'argent, l'amour et la mort en pays d'oc

Αποθηκεύτηκε σε:
Λεπτομέρειες βιβλιογραφικής εγγραφής
Κύριος συγγραφέας: Le Roy Ladurie, Emmanuel
Μορφή: Βιβλίο
Γλώσσα:French
Δημοσίευση: Paris : Seuil, 1980
Σειρά:Univers historique
Θέματα:
Ετικέτες: Προσθήκη ετικέτας
Δεν υπάρχουν, Καταχωρήστε ετικέτα πρώτοι!

MARC

LEADER 00000nam a2200000 i 4500
001 1/7572
008 960905s1980 fre d
020 |a 2-02-005674-7 
035 |l 10016753 
040 |a GR-MY-UA  |b gre  |e aacr 
041 0 |a fre 
082 0 |a 944.03 
100 1 |a Le Roy Ladurie, Emmanuel. 
245 1 0 |a L'argent, l'amour et la mort en pays d'oc /  |c Emmanuel Le Roy Ladurie ; Precede de Histoire de Jean-L'Ont-Pris ; Roman languedocien (1756) de l'abbe Jean-Baptiste Castor Fabre edition occitane et traduction francaise etablies par Philippe Gardy 
260 |a Paris :   |b Seuil,   |c 1980 
300 |a 586 p.  |b ill. 
490 1 |a Univers historique 
504 |a Includes index 
600 0 0 |a Favre Jean Baptiste Castor  |d 1727-1783. 
651 0 |a France, Southern  |x Civilization. 
651 0 |a France  |x Social life and customs. 
830 0 |a Univers historique 
852 |a INST  |b LESVOS  |e 19960905  |h 944.03 LER  |p 005100009234  |q 005100009234  |t BK  |y 0 
909 |a Λ  |b 034342 
922 |a 1ΔΩΡ  |b 199312  |c ΤΚΑ